|
|
|
|
| LEADER |
00000cam a2200000 a 4500 |
| 001 |
vtls001426475 |
| 003 |
SK-MaSNL |
| 005 |
20260311141251.0 |
| 008 |
250312q1947 xr o o000 0 fre |
| 015 |
|
|
|a SNBA1948
|
| 035 |
|
|
|a SNK000381416
|
| 035 |
|
|
|a urn:nbn:sk:snk-am3hm5p
|
| 035 |
|
|
|a 57E463D1-E0DA-4969-B7A0-B61643DB488D
|
| 035 |
|
|
|a urn:nbn:sk:snk-am00d58n
|
| 040 |
|
|
|a SNK
|b slo
|c SNK
|e AACR2
|
| 041 |
0 |
|
|a fre
|
| 043 |
|
|
|a e-cs---
|
| 044 |
|
|
|a xr
|c CZ
|
| 072 |
|
7 |
|a 615.8
|x Fyzioterapia. Psychoterapia. Alternatívna medicína
|2 konspekt
|
| 080 |
|
|
|a 615.838
|2 2011
|
| 080 |
|
|
|a (437)
|2 2011
|
| 080 |
|
|
|a (036)
|2 2011
|
| 245 |
0 |
0 |
|a Balneae Czechoslovacae
|
| 260 |
|
|
|a Praha
|b Ministère de la Santé publique avec Le Ministère du commerce exterieur
|c [1947]
|
| 300 |
|
|
|a 78 s.
|b fotogr.
|c 21 cm
|
| 650 |
0 |
7 |
|a balneoterapia
|2 SNKPH
|9 1141
|
| 650 |
0 |
7 |
|a kúpeľníctvo
|2 SNKPH
|9 1140
|
| 651 |
|
7 |
|a Československo
|2 SNKPHgeo
|9 21376
|
| 655 |
|
7 |
|a informačné publikácie
|2 SNKPH
|9 70181
|
| 852 |
|
|
|a Slovenská národná knižnica
|
| 958 |
|
|
|a CZ
|
| 958 |
|
|
|a FR
|
| 958 |
|
|
|a OND
|
| 999 |
|
|
|c 985288
|d 987218
|
| 952 |
|
|
|a SNK
|b SNK
|y PREZ
|7 0
|p 17A0326664
|o snkSC 3896
|i snk1958/48
|0 0
|1 0
|4 0
|d 2002-01-03
|f 1
|l 0
|r 2025-06-25 00:00:00
|w 2026-02-24
|
| 952 |
|
|
|a SNK
|b SNK
|y VYP
|7 0
|p 17A0326663
|o snkSC 3896 D1
|i snkD 641/85
|8 1
|0 0
|1 0
|4 0
|d 2002-01-03
|l 0
|r 2005-01-02 00:00:00
|w 2026-02-24
|